IFPMA symposium on international drug registration

Gardado en:
Detalles Bibliográficos
Formato: Libro
Idioma:Undetermined
Publicado: Switzerland IFPMA 1979
Những chủ đề:
Các nhãn: Engadir etiqueta
Sen Etiquetas, Sexa o primeiro en etiquetar este rexistro!
Thư viện lưu trữ: Trung tâm Học liệu Trường Đại học Cần Thơ
LEADER 00426nam a2200157Ia 4500
001 CTU_81521
008 210402s9999 xx 000 0 und d
082 |a 338.4 
082 |b I.23 
245 0 |a IFPMA symposium on international drug registration 
260 |a Switzerland 
260 |b IFPMA 
260 |c 1979 
650 |a Pharmaceutical 
904 |i Trọng Hải 
980 |a Trung tâm Học liệu Trường Đại học Cần Thơ